Polish players in Premier League (2000-) - Statistics

General Stats
  • This quiz has been taken 109 times
  • The average score is 12 of 20
Answer Stats
Ranking Player Positions Nationality Matches Goals (assists) Periods Clubs % Correct
1 Łukasz Fabiański GK 376 0 (1) 2007-2010, 2012-2025
98%
4 Wojciech Szczęsny GK 132 0 (0) 2010-2015
95%
3 Matty Cash DF 148 7 (9) 2020-2025
94%
10 Jakub Kiwior DF, MF 44 3 (3) 2022-2025
90%
2 Jan Bednarek DF 184 9 (3) 2017-2022, 2024-2025
90%
6 Jerzy Dudek GK 127 0 (0) 2001-2007
90%
9 Jakub Moder DF, MF 61 0 (3) 2020-2021, 2023-2025
75%
5 Artur Boruc GK 128 0 (1) 2012-2013, 2015-2016, 2018-2019
72%
7 Mateusz Klich MF 82 5 (7) 2020-2023
65%
8 Tomasz Kuszczak GK 63 0 (0) 2004-2011
63%
13 Kamil Grosicki MF, FW 18 0 (4) 2016-2017, 2020-2021
60%
12 Grzegorz Krychowiak MF 27 0 (2) 2017-2018
52%
11 Marcin Wasilewski DF 30 1 (0) 2014-2017
51%
16 Przemysław Płacheta MF, FW 12 0 (0) 2021-2022
43%
17 Jakub Stolarczyk GK 10 0 (0) 2024-2025
36%
14 Grzegorz Rasiak FW 15 0 (0) 2005-2006, 2007-2008
30%
15 Euzebiusz Smolarek MF, FW 12 0 (0) 2008-2009
28%
18 Emmanuel Olisadebe FW 2 0 (0) 2005-2006
19%
19 Jarosław Fojut DF 1 0 (0) 2005-2006
11%
20 Piotr Świerczewski MF 1 0 (0) 2002-2003
11%
No matching quizzes found
Score Distribution
Percent of People with Each Score
Percentile by Number Answered
Your Score History
You have not taken this quiz